| 000 | 01019nam a22002177a 4500 | ||
|---|---|---|---|
| 005 | 20171129111052.0 | ||
| 010 | _aUR-9859 | ||
| 020 | 6 | _c25.00 | |
| 035 | _aU-8414 | ||
| 037 | _bDBAD/PUB | ||
| 082 | _a613.95 | ||
| 100 | _aپر و فیسر عمر حیا ت خا ن غو ر ی | ||
| 245 |
_a بر تھ کنٹر و ل ا پنے عبر ت نا ک ا نجا م کے تنا طر _cپر و فیسر عمر حیا ت خا ن غو ر ی |
||
| 246 |
_b _a Birth Control Apne Ibratnak Anjam Ke Tanazur Mein |
||
| 250 | _abyProf. Umer Hayat Khan Ghouri | ||
| 260 |
_a نئی د لی _bMerkazi Maktaba Islami Publishers _c2015 |
||
| 270 |
_aD307,Dawat Nagar,Abul Fazal Enclave,Jamia Nagar , _b New Delhi _e110025 _k01126971652 _l- |
||
| 300 |
_a62ص _c22 Cm.(B.b) |
||
| 500 | _aدو حصہ | ||
| 942 |
_2ddc _cUR _h613.95 _mغ و ر _e |
||
| 999 |
_c146998 _d146998 |
||